[Event "World Youth Open U18 2016"]
[Site "Khanty-Mansiysk RUS"]
[Date "2016.09.22"]
[Round "1.27"]
[White "Toma, Radu-Cristian"]
[Black "Roos, Lucas"]
[Result "1-0"]
[WhiteElo "2343"]
[BlackElo "1830"]
[WhiteFideId "1217992"]
[BlackFideId "14308673"]
[EventDate "2016.09.22"]

1. Nf3 g6 2. c4 Bg7 3. Nc3 f5 4. d4 Nf6 5. g3 O-O 6. Bg2 d6 7. O-O Qe8 8. b3 h6
9. Bb2 g5 10. d5 Qh5 11. Nd4 Ng4 12. h3 f4 13. hxg4 Bxg4 14. Ne6 fxg3 15. fxg3
Rxf1+ 16. Kxf1 Be5 17. Qd3 Na6 18. Nd1 Nb4 19. Qe4 Bxe6 20. dxe6 Rf8+ 21. Ke1
Bxg3+ 22. Kd2 g4 23. Ne3 Bf4 24. Rf1 Qg5 25. Rxf4 Rxf4 26. Qxb7 Qa5 27. a3 Nc6+
28. b4 Qg5 29. Qxc6 h5 30. Qd5 Qh6 31. Qa8+ Rf8 32. Qxa7 1-0

[Event "World Youth Open U18 2016"]
[Site "Khanty-Mansiysk RUS"]
[Date "2016.09.22"]
[Round "1.28"]
[White "Yoshida, Haruki"]
[Black "Timerkhanov, Alexander"]
[Result "0-1"]
[BlackTitle "FM"]
[WhiteElo "1750"]
[BlackElo "2340"]
[WhiteFideId "7002076"]
[BlackFideId "24177938"]
[EventDate "2016.09.22"]

1. d4 d5 2. c4 dxc4 3. Nc3 c6 4. e3 Be6 5. Nf3 Nf6 6. Qc2 g6 7. Nd2 b5 8. a4 Qa5
9. Be2 Bg7 10. O-O O-O 11. b4 Qb6 12. Bf3 Bd5 13. axb5 Bxf3 14. Nxf3 cxb5 15.
Ra5 a6 16. Qb2 Nc6 17. Ra3 e6 18. Bd2 Rfd8 19. Rfa1 Bf8 20. Na2 Ne4 21. Be1 a5
22. Rb1 axb4 23. Rxa8 Rxa8 24. Nxb4 c3 25. Qc2 Nxb4 26. Qxe4 Rc8 27. Rc1 Nd5 28.
Qd3 b4 29. e4 Nf4 30. Qe3 Bh6 31. Kh1 Qa6 32. g3 Qf1+ 0-1

[Event "World Youth Open U18 2016"]
[Site "Khanty-Mansiysk RUS"]
[Date "2016.09.22"]
[Round "1.29"]
[White "Gretz, Denis"]
[Black "Maltezeanu, Stefan"]
[Result "1/2-1/2"]
[WhiteElo "2339"]
[BlackElo "1734"]
[WhiteFideId "12945188"]
[BlackFideId "4004655"]
[EventDate "2016.09.22"]

1. e4 e5 2. Nf3 Nc6 3. Bc4 Bc5 4. c3 Nf6 5. d3 d6 6. Bb3 a6 7. Nbd2 Be6 8. O-O
O-O 9. Nc4 b5 10. Ne3 Ne7 11. Bxe6 fxe6 12. Qb3 Qd7 13. Ng5 d5 14. Bd2 h6 15.
Nf3 Ng6 16. exd5 exd5 17. d4 exd4 18. cxd4 Bb6 19. Ne5 1/2-1/2

[Event "World Youth Open U18 2016"]
[Site "Khanty-Mansiysk RUS"]
[Date "2016.09.22"]
[Round "1.31"]
[White "Escalante Ramirez, Brian Sebasti"]
[Black "Shih, Yu-An"]
[Result "1-0"]
[WhiteTitle "FM"]
[WhiteElo "2302"]
[BlackElo "1493"]
[WhiteFideId "3819566"]
[BlackFideId "16300645"]
[EventDate "2016.09.22"]

1. e4 e5 2. Nf3 Nc6 3. Bc4 Bc5 4. c3 Nf6 5. d3 d6 6. O-O h6 7. Nbd2 O-O 8. h3
Bb6 9. Bb3 Re8 10. Bc2 d5 11. Re1 dxe4 12. dxe4 Be6 13. Qe2 Qe7 14. Nc4 Bxc4 15.
Qxc4 Qc5 16. Qxc5 Bxc5 17. Nd2 Ne7 18. Nc4 Ng6 19. b4 Be7 20. a4 c5 21. b5 Nd7
22. a5 b6 23. a6 Rad8 24. g3 f6 25. Bb3 Kh7 26. Rd1 Ndf8 27. Rxd8 Rxd8 28. Nxb6
Rb8 29. Nd5 Rxb5 30. Bc4 Rb8 31. Be3 Bd6 32. Rd1 Rd8 33. Rb1 Ne7 34. Nxe7 Bxe7
35. Rb7 Rd7 36. Bb5 Rd1+ 37. Kg2 Ng6 38. Rxa7 Rb1 39. Rb7 Ra1 40. a7 Ra3 41. Bc6 1-0

[Event "World Youth Open U18 2016"]
[Site "Khanty-Mansiysk RUS"]
[Date "2016.09.22"]
[Round "1.32"]
[White "Noguchi, Takaya"]
[Black "Bayramov, Zaur"]
[Result "0-1"]
[WhiteElo "1491"]
[BlackElo "2297"]
[WhiteFideId "7002270"]
[BlackFideId "13405080"]
[EventDate "2016.09.22"]

1. e4 g6 2. d4 Bg7 3. Nc3 d6 4. Be3 Nc6 5. Qd2 e5 6. d5 Nce7 7. O-O-O a6 8. f3
f5 9. h4 Nf6 10. Bd3 O-O 11. Nh3 f4 12. Bf2 h6 13. Rdg1 Nh5 14. Ne2 c5 15. Qd1
b5 16. g4 fxg3 17. Nxg3 Nf4 18. Nxf4 exf4 19. Nf1 c4 20. Be2 Qa5 21. Kb1 Qb4 22.
Qc1 c3 23. b3 Qa5 24. Nh2 Bd7 25. Rd1 Qc7 26. Bd4 Bxd4 27. Rxd4 Qc5 28. Rdd1 0-1

[Event "World Youth Open U18 2016"]
[Site "Khanty-Mansiysk RUS"]
[Date "2016.09.23"]
[Round "2.1"]
[White "Plenca, Jadranko"]
[Black "Vavulin, Maksim"]
[Result "1/2-1/2"]
[WhiteTitle "FM"]
[BlackTitle "IM"]
[WhiteElo "2396"]
[BlackElo "2582"]
[WhiteFideId "14527146"]
[BlackFideId "4169530"]
[EventDate "2016.09.22"]

1. e4 e5 2. Nf3 Nc6 3. Bb5 a6 4. Ba4 d6 5. O-O Nf6 6. Re1 Bd7 7. Bxc6 Bxc6 8. d4
Nxe4 9. Qd3 d5 10. Nxe5 Bd6 11. Nxc6 bxc6 12. Nd2 f5 13. Nf1 O-O 14. f3 Ng5 15.
Qc3 f4 16. Qxc6 Rf5 17. Bd2 h6 18. Re2 Rb8 19. Bc3 a5 20. Bxa5 Qf6 21. Bc3 Rb6
22. Qe8+ Kh7 23. a4 Bb4 24. Bxb4 Qxd4+ 25. Kh1 Qxb2 26. a5 Rxb4 27. Rd1 Qa3 28.
Qd7 Rf7 29. Qxd5 c6 30. Qd2 Rf5 31. c3 Rbb5 32. Qc2 Qb3 33. Qxb3 Rxb3 34. Ra1
Rb7 35. a6 Ra7 36. Rb2 Ne6 37. c4 Nc5 38. Rb6 Rf6 39. Nd2 Rd6 40. Ne4 Nxe4 41.
fxe4 Rd4 42. Rxc6 Rxe4 43. Kg1 Re2 44. Rb6 f3 45. gxf3 Rd7 46. a7 1/2-1/2

[Event "World Youth Open U18 2016"]
[Site "Khanty-Mansiysk RUS"]
[Date "2016.09.23"]
[Round "2.2"]
[White "Petrosyan, Manuel"]
[Black "Erenberg, Ariel"]
[Result "1-0"]
[WhiteTitle "IM"]
[BlackTitle "FM"]
[WhiteElo "2530"]
[BlackElo "2350"]
[WhiteFideId "13300857"]
[BlackFideId "2811634"]
[EventDate "2016.09.22"]

1. d4 Nf6 2. c4 e6 3. Nf3 Bb4+ 4. Nbd2 O-O 5. a3 Be7 6. e4 d6 7. Be2 Nbd7 8. Qc2
e5 9. Nb1 a5 10. Nc3 exd4 11. Nxd4 Nc5 12. Be3 a4 13. Rd1 Nfd7 14. Ndb5 b6 15.
Nd5 Na6 16. O-O Bb7 17. Qxa4 Nf6 18. Qc2 Rc8 19. b4 Re8 20. Bf3 h6 21. Rd2 Nxd5
22. cxd5 c6 23. Na7 cxd5 24. Nxc8 Bxc8 25. Rxd5 Bb7 26. Rb5 Qd7 27. Rxb6 Bd8 28.
Rxb7 Qxb7 29. Rd1 Nc7 30. Rxd6 Nb5 31. Rd5 Be7 32. Qd3 Nxa3 33. Qxa3 Ra8 34. Qb3
Bxb4 35. Rd1 1-0

[Event "World Youth Open U18 2016"]
[Site "Khanty-Mansiysk RUS"]
[Date "2016.09.23"]
[Round "2.3"]
[White "Huber, Martin Christian"]
[Black "Kollars, Dmitrij"]
[Result "0-1"]
[WhiteTitle "FM"]
[BlackTitle "IM"]
[WhiteElo "2356"]
[BlackElo "2491"]
[WhiteFideId "1623435"]
[BlackFideId "12909572"]
[EventDate "2016.09.22"]

1. d4 Nf6 2. c4 e6 3. Nc3 Bb4 4. Qc2 O-O 5. Nf3 c5 6. dxc5 Na6 7. g3 Nxc5 8. Bg2
b6 9. O-O Bb7 10. Nb5 Be4 11. Qd1 Nb7 12. a3 Be7 13. Bf4 a6 14. Nc3 Bc6 15. b4
Ne4 16. Nxe4 Bxe4 17. Ne5 Bxg2 18. Kxg2 d6 19. Nc6 Qd7 20. Nxe7+ Qxe7 21. Qa4 b5
22. Qb3 e5 23. Bd2 Qe6 24. Qf3 e4 25. Qe3 bxc4 26. Bc3 d5 27. Rfd1 Rfd8 28. Qd4
f6 29. a4 Qc6 30. Rd2 Rab8 31. f3 Rd6 32. b5 axb5 33. axb5 exf3+ 34. exf3 Qc5
35. Qf4 Rbd8 36. Bd4 Qxb5 37. Rb2 Qc6 38. Rb6 Qc8 39. Rb5 c3 40. Ra7 R6d7 41.
Rb3 Nd6 42. Rxd7 Qxd7 43. Rxc3 Nc4 44. Rc2 Qa4 45. Re2 Re8 46. Rxe8+ Qxe8 47.
Qf5 Qc6 48. h4 Na3 49. Qf4 Nb5 50. h5 Nxd4 51. Qxd4 Qc2+ 52. Kg1 Qf5 53. Qe3 Qe5
54. Qf2 Qxh5 55. f4 Qf5 56. Qc5 h5 0-1

[Event "World Youth Open U18 2016"]
[Site "Khanty-Mansiysk RUS"]
[Date "2016.09.23"]
[Round "2.4"]
[White "Bellahcene, Bilel"]
[Black "Toma, Radu-Cristian"]
[Result "1/2-1/2"]
[WhiteTitle "IM"]
[WhiteElo "2483"]
[BlackElo "2343"]
[WhiteFideId "696358"]
[BlackFideId "1217992"]
[EventDate "2016.09.22"]

1. d4 Nf6 2. c4 e6 3. g3 d5 4. Nf3 Bb4+ 5. Bd2 Be7 6. Bg2 c6 7. Qc2 b6 8. b3 O-O
9. O-O Ba6 10. Rd1 Nbd7 11. Bf4 Rc8 12. Nc3 Qe8 13. e4 dxc4 14. h3 Bb4 15. bxc4
Bxc4 16. Nb1 Bb5 17. a3 Be7 18. Nc3 a5 19. e5 Nd5 20. Ng5 g6 21. Bd2 Nxc3 22.
Qxc3 c5 23. Ne4 f5 24. Nd6 Bxd6 25. exd6 Bc6 26. Bxc6 Rxc6 27. Qc4 Rxd6 28. dxc5
Nxc5 29. Bxa5 Qc6 30. Bb4 Rfd8 31. Rxd6 Rxd6 32. Rc1 1/2-1/2

[Event "World Youth Open U18 2016"]
[Site "Khanty-Mansiysk RUS"]
[Date "2016.09.23"]
[Round "2.5"]
[White "Rajdeep, Sarkar"]
[Black "Lorparizangeneh, Shahin"]
[Result "1/2-1/2"]
[WhiteTitle "FM"]
[BlackTitle "IM"]
[WhiteElo "2347"]
[BlackElo "2478"]
[WhiteFideId "25007963"]
[BlackFideId "12521604"]
[EventDate "2016.09.22"]

1. d4 Nf6 2. Nf3 d5 3. g3 c5 4. Bg2 cxd4 5. O-O h6 6. b3 Nbd7 7. Qxd4 g6 8. Bb2
Bg7 9. c4 dxc4 10. Qxc4 Nb6 11. Qd4 O-O 12. Na3 Qxd4 13. Bxd4 Nfd5 14. Bxg7 Kxg7
15. Rad1 Nc3 16. Rd2 Be6 17. Nd4 Bd5 18. Nab5 Nxb5 19. Nxb5 Bxg2 20. Kxg2 a6 21.
Nd4 Rac8 22. Rfd1 Rc5 23. Nc2 Rfc8 24. Ne3 R8c6 25. Rd8 Nc8 26. R8d4 Rc7 27. Rd8
a5 28. Kf3 Rc3 29. R1d3 Rxd3 30. Rxd3 a4 31. Rd4 1/2-1/2

[Event "World Youth Open U18 2016"]
[Site "Khanty-Mansiysk RUS"]
[Date "2016.09.23"]
[Round "2.6"]
[White "Sanal, Vahap"]
[Black "Escalante Ramirez, Brian Sebasti"]
[Result "1/2-1/2"]
[WhiteTitle "IM"]
[BlackTitle "FM"]
[WhiteElo "2477"]
[BlackElo "2302"]
[WhiteFideId "6300545"]
[BlackFideId "3819566"]
[EventDate "2016.09.22"]

1. Nf3 d5 2. c4 dxc4 3. e3 Nf6 4. Bxc4 e6 5. d4 Bb4+ 6. Nc3 O-O 7. O-O b6 8. Qe2
Bb7 9. Re1 Nbd7 10. a3 Bxc3 11. bxc3 Ne4 12. Qc2 Nd6 13. Bd3 Bxf3 14. gxf3 Qh4
15. e4 e5 16. Qe2 f5 17. Bc4+ Nxc4 18. Qxc4+ Rf7 19. Qxc7 fxe4 20. Qc6 Raf8 21.
Qxe4 Qh5 22. Qg4 Qxg4+ 23. fxg4 Rxf2 24. Be3 R2f3 25. Rad1 exd4 26. Bxd4 Nf6 27.
a4 Nxg4 28. a5 Nh6 29. Kg2 Ng4 1/2-1/2

[Event "World Youth Open U18 2016"]
[Site "Khanty-Mansiysk RUS"]
[Date "2016.09.23"]
[Round "2.7"]
[White "Timerkhanov, Alexander"]
[Black "Jarmula, Lukasz"]
[Result "1/2-1/2"]
[WhiteTitle "FM"]
[BlackTitle "IM"]
[WhiteElo "2340"]
[BlackElo "2466"]
[WhiteFideId "24177938"]
[BlackFideId "1160664"]
[EventDate "2016.09.22"]

1. d4 Nf6 2. Bg5 d5 3. Bxf6 gxf6 4. c4 dxc4 5. e3 c5 6. Bxc4 cxd4 7. Nc3 Nc6 8.
Qh5 e6 9. O-O-O Qa5 10. Bb5 Bd7 11. Rxd4 Qc7 12. Rd2 a6 13. Ba4 b5 14. Bc2 f5
15. Nf3 b4 16. Na4 Rd8 17. Rhd1 Be7 18. Kb1 Ne5 19. Nxe5 Qxe5 20. g4 b3 21. axb3
Bxa4 22. Rxd8+ Bxd8 23. bxa4 Bf6 24. Rd4 Qb8 25. gxf5 Bxd4 26. exd4 Qb4 27. fxe6
Qe1+ 28. Ka2 Qxe6+ 29. Bb3 Qf6 30. Qc5 Rg8 31. Qc8+ Qd8 32. Qf5 Rg7 33. Qc5 Qf6
34. Qc8+ Ke7 35. Qc7+ Ke8 36. d5 Rg6 37. d6 Qxd6 38. Qxf7+ Kd8 39. Qxh7 Rh6 40.
Qg8+ Kc7 41. Qc4+ Qc6 42. Qf7+ Qd7 43. Qf4+ Qd6 44. Qc4+ 1/2-1/2

[Event "World Youth Open U18 2016"]
[Site "Khanty-Mansiysk RUS"]
[Date "2016.09.23"]
[Round "2.8"]
[White "Rahman, Adel"]
[Black "Dragnev, Valentin"]
[Result "1/2-1/2"]
[WhiteTitle "FM"]
[BlackTitle "IM"]
[WhiteElo "2324"]
[BlackElo "2430"]
[WhiteFideId "14204177"]
[BlackFideId "1634852"]
[EventDate "2016.09.22"]

1. d4 Nf6 2. c4 e6 3. g3 Bb4+ 4. Bd2 Be7 5. Bg2 d5 6. Nf3 O-O 7. O-O Nbd7 8. Qc2
c6 9. Bf4 b6 10. Rd1 Ba6 11. Ne5 Rc8 12. Qa4 Bxc4 13. Nxc6 Qe8 14. Nc3 a5 15. e4
b5 16. Nxe7+ Qxe7 17. Nxb5 Nh5 18. Be3 dxe4 19. Na7 Rc7 20. Qxa5 Ndf6 21. Nb5
Rb7 22. Nc3 Nd5 23. b3 Ra7 24. Nxd5 Bxd5 25. Qc5 Qb7 26. Rdc1 f5 27. Qd6 Rfa8
28. Bf1 Bxb3 29. axb3 Rxa1 30. Qxe6+ Qf7 31. Qc6 Qf8 32. Qd5+ Kh8 33. Rc5 f4 34.
gxf4 Nxf4 35. Qxe4 Ng6 36. Kg2 Re8 37. Re5 Nxe5 38. dxe5 Re6 39. Bc4 Rg6+ 40.
Kh3 Ra5 41. f4 Rh6+ 42. Kg3 Ra2 43. h4 Qd8 44. f5 Rh5 45. Qd5 Qxd5 46. Bxd5 Ra5
47. f6 gxf6 48. exf6 Rhxd5 49. Kh3 Kg8 50. Bh6 Kf7 51. Bg7 Kg6 52. Kg4 Rd4+ 53.
Kf3 Rb4 54. Kg3 Ra1 55. Bh8 Rh1 56. Bg7 1/2-1/2

[Event "World Youth Open U18 2016"]
[Site "Khanty-Mansiysk RUS"]
[Date "2016.09.23"]
[Round "2.9"]
[White "Hakobyan, Aram"]
[Black "Gong, Patrick"]
[Result "1-0"]
[WhiteTitle "FM"]
[WhiteElo "2417"]
[BlackElo "2143"]
[WhiteFideId "13306677"]
[BlackFideId "3222500"]
[EventDate "2016.09.22"]

1. Nf3 Nf6 2. d4 c5 3. d5 d6 4. Nc3 g6 5. h3 Bg7 6. e4 O-O 7. Bd3 Na6 8. O-O Nc7
9. Re1 e5 10. Bf1 Bd7 11. a4 a6 12. a5 Nb5 13. Bd2 Nd4 14. Na4 Bxa4 15. Rxa4 Qd7
16. Ra3 Nh5 17. Nxd4 cxd4 18. c3 f5 19. cxd4 exd4 20. exf5 Qxf5 21. Rf3 Qxd5 22.
Qb3 Qxb3 23. Rxb3 Rac8 24. Rxb7 Rc2 25. Rd1 Nf4 26. g3 Ne6 27. Bd3 Rc6 28. Be4
Rc5 29. b4 Rc7 30. Rxc7 Nxc7 31. Rc1 Rf7 32. Rc6 Rd7 33. Bd3 Kf7 34. Bxa6 Nxa6
35. Rxa6 Ke6 36. Kf1 Kd5 37. Ke2 Kc4 38. Rc6+ Kb5 39. Rc8 Bf6 40. Kf3 h6 41. Rg8
g5 42. Rb8+ Kc6 43. a6 1-0

[Event "World Youth Open U18 2016"]
[Site "Khanty-Mansiysk RUS"]
[Date "2016.09.23"]
[Round "2.10"]
[White "Bayramov, Zaur"]
[Black "Vogel, Roven"]
[Result "1/2-1/2"]
[BlackTitle "IM"]
[WhiteElo "2297"]
[BlackElo "2415"]
[WhiteFideId "13405080"]
[BlackFideId "12908088"]
[EventDate "2016.09.22"]

1. c4 e5 2. Nc3 Nf6 3. g3 d5 4. cxd5 Nxd5 5. Bg2 Nb6 6. Nf3 Nc6 7. d3 Be7 8. Bd2
O-O 9. O-O Be6 10. a3 f5 11. Rc1 a5 12. Be3 Ra6 13. Na4 Nd4 14. Bxd4 exd4 15.
Nc5 Bxc5 16. Rxc5 Qd6 17. Ng5 c6 18. Nxe6 Qxe6 19. Qd2 a4 20. Ra5 Rxa5 21. Qxa5
Qb3 22. Qd2 g6 23. Rc1 Qb5 24. Rc2 Re8 25. h4 Kg7 26. Bf3 h6 27. Qf4 Qe5 28. Qd2
Qb5 29. Qf4 Qe5 30. Qd2 Qb5 1/2-1/2

[Event "World Youth Open U18 2016"]
[Site "Khanty-Mansiysk RUS"]
[Date "2016.09.23"]
[Round "2.11"]
[White "Christiansen, Johan-Sebastian"]
[Black "Vergara Jofre, Felipe"]
[Result "1-0"]
[WhiteTitle "IM"]
[WhiteElo "2413"]
[BlackElo "2115"]
[WhiteFideId "1512668"]
[BlackFideId "3416291"]
[EventDate "2016.09.22"]

1. Nf3 Nf6 2. c4 Nc6 3. d4 e6 4. g3 Bb4+ 5. Nbd2 O-O 6. Bg2 d6 7. O-O e5 8. Nb3
e4 9. Ng5 d5 10. cxd5 Qxd5 11. f3 exf3 12. Bxf3 Qd8 13. e4 h6 14. e5 hxg5 15.
Bxc6 bxc6 16. Bxg5 Qd5 17. Bxf6 gxf6 18. Qh5 Be7 19. Rae1 Kg7 20. Qh4 Qd8 21.
Qe4 Bh3 22. Rf2 fxe5 23. dxe5 Qd5 24. Qe3 Rad8 25. Qc3 f6 26. g4 Bxg4 27. Rg2 f5
28. h3 Bh4 29. Rf1 Rde8 30. hxg4 f4 31. Nd4 Bg3 32. Nf5+ Kg6 33. Qc2 Kg5 34.
Rxg3 fxg3 35. Qc1+ Kxg4 36. Qf4+ Kh5 37. Qh4+ 1-0

[Event "World Youth Open U18 2016"]
[Site "Khanty-Mansiysk RUS"]
[Date "2016.09.23"]
[Round "2.12"]
[White "Sukovic, Andrej"]
[Black "Song, Michael"]
[Result "1/2-1/2"]
[BlackTitle "FM"]
[WhiteElo "2114"]
[BlackElo "2413"]
[WhiteFideId "16502310"]
[BlackFideId "2613190"]
[EventDate "2016.09.22"]

1. e4 e5 2. Nf3 Nc6 3. Bb5 Nf6 4. O-O Nxe4 5. Re1 Nd6 6. Nxe5 Be7 7. Bf1 Nf5 8.
c3 O-O 9. Nf3 d5 10. d4 Bd6 11. Bd3 h6 12. Qc2 Qf6 13. Nbd2 g5 14. Qd1 Be6 15.
Nf1 Rae8 16. h3 Qg7 17. Bd2 Nfe7 18. Qc1 Ng6 19. Ng3 Nf4 20. Bxf4 Bxf4 21. Nh5
Bxc1 22. Nxg7 Kxg7 23. Raxc1 f6 24. Bb5 Bd7 25. Rxe8 Rxe8 26. Bxc6 Bxc6 27. Re1
Re4 28. Re3 Bb5 29. Nd2 Rxe3 30. fxe3 Bd3 31. Kf2 Kg6 32. g4 h5 33. Nb3 b6 34.
Nc1 Bb1 35. b3 h4 36. c4 c6 37. cxd5 cxd5 38. a3 Bc2 39. b4 f5 40. Ne2 Kf6 41.
Nc3 Ke6 42. Kg2 Bd3 43. Kf2 Kd6 44. Kg2 a5 45. Kf2 Kc6 46. Kg2 axb4 47. axb4
fxg4 48. hxg4 Bg6 49. Kf2 Be4 50. b5+ Kd6 51. Na4 Bd3 52. Nc3 Bc2 53. Kg2 Bg6
54. Kf2 Ke6 55. Kg2 Be8 56. Kh2 Bd7 57. Kg2 Kd6 58. Kh3 Ke6 59. Kg2 Bc8 60. Kh2
Bd7 61. Kg2 Kd6 62. Kh2 Be6 63. Kh3 1/2-1/2

[Event "World Youth Open U18 2016"]
[Site "Khanty-Mansiysk RUS"]
[Date "2016.09.23"]
[Round "2.13"]
[White "Mousavi, Seyed Khalil"]
[Black "Yang, Ching Wei Austin"]
[Result "1-0"]
[WhiteTitle "IM"]
[BlackTitle "FM"]
[WhiteElo "2412"]
[BlackElo "1997"]
[WhiteFideId "12511099"]
[BlackFideId "16300440"]
[EventDate "2016.09.22"]

1. c4 Nf6 2. Nc3 e6 3. e4 d5 4. e5 d4 5. exf6 dxc3 6. bxc3 Qxf6 7. Nf3 e5 8. d4
Nc6 9. Bg5 Qg6 10. d5 Nb8 11. h4 Bg4 12. Qa4+ Bd7 13. Qb3 Na6 14. Nxe5 Qe4+ 15.
Kd2 Nc5 16. Qb2 Qxe5 17. Re1 Bd6 18. Rxe5+ Bxe5 19. Bd3 O-O 20. Qb1 Rfe8 21.
Bxh7+ Kh8 22. Bf5 Bxf5 23. Qxf5 f6 24. Be3 Ne4+ 25. Kd3 Bxc3 26. h5 Bb2 27. Qg6
Kg8 28. h6 f5 29. hxg7 Bxg7 30. Rh7 Re7 31. Bd4 1-0

[Event "World Youth Open U18 2016"]
[Site "Khanty-Mansiysk RUS"]
[Date "2016.09.23"]
[Round "2.15"]
[White "Rakotomaharo, Fy Antenaina"]
[Black "Oner, Oguz"]
[Result "1-0"]
[WhiteTitle "FM"]
[WhiteElo "2439"]
[BlackElo "1962"]
[WhiteFideId "13100050"]
[BlackFideId "6329330"]
[EventDate "2016.09.22"]

1. d4 d5 2. c4 e6 3. Nc3 Be7 4. cxd5 exd5 5. Bf4 c6 6. e3 Bf5 7. g4 Be6 8. Bg2
Qb6 9. Rb1 g5 10. Be5 f6 11. Bxb8 Rxb8 12. h4 h5 13. hxg5 Bxg4 14. Qd3 fxg5 15.
Nf3 Rh6 16. Ne5 Qc7 17. f3 Be6 18. Rxh5 Rxh5 19. Qg6+ Kf8 20. Qxh5 Bf6 21. f4
gxf4 22. Ng6+ Kg7 23. Nxf4 Qf7 24. Qf3 Bg5 25. Qg3 Qf6 26. Nxe6+ Qxe6 27. Qxb8
Qd6 1-0

[Event "World Youth Open U18 2016"]
[Site "Khanty-Mansiysk RUS"]
[Date "2016.09.23"]
[Round "2.16"]
[White "Ramacker, Quinten"]
[Black "Zakaryan, David"]
[Result "0-1"]
[BlackTitle "FM"]
[WhiteElo "1947"]
[BlackElo "2377"]
[WhiteFideId "210404"]
[BlackFideId "24101923"]
[EventDate "2016.09.22"]

1. e4 c5 2. Nf3 d6 3. d4 cxd4 4. Nxd4 Nf6 5. Nc3 a6 6. Bg5 e6 7. f4 h6 8. Bh4
Qb6 9. a3 Be7 10. Bf2 Qc7 11. Bd3 g5 12. fxg5 hxg5 13. Qd2 Nbd7 14. O-O b5 15.
Bxb5 axb5 16. Ndxb5 Qc4 17. Qxd6 Qxc3 18. Qxe7+ Kxe7 19. Nxc3 Bb7 20. Bd4 Rh4
21. g3 Rh5 22. h4 Nxe4 23. Nxe4 Bxe4 24. Rae1 f5 25. Be3 gxh4 26. gxh4 Rc8 27.
Rf2 Ne5 0-1

[Event "World Youth Open U18 2016"]
[Site "Khanty-Mansiysk RUS"]
[Date "2016.09.23"]
[Round "2.17"]
[White "Urazayev, Arystanbek"]
[Black "Barp, Alberto"]
[Result "1-0"]
[WhiteTitle "CM"]
[BlackTitle "FM"]
[WhiteElo "2377"]
[BlackElo "2244"]
[WhiteFideId "13709810"]
[BlackFideId "872555"]
[EventDate "2016.09.22"]

1. e4 c6 2. d4 d5 3. Nd2 dxe4 4. Nxe4 Bf5 5. Ng3 Bg6 6. h4 h6 7. Nf3 Nd7 8. h5
Bh7 9. Bd3 Bxd3 10. Qxd3 e6 11. Bd2 Ngf6 12. O-O-O Be7 13. Kb1 O-O 14. Ne4 c5
15. g4 Nxg4 16. Qe2 Qb6 17. Nh4 f5 18. Ng6 Rfe8 19. f3 fxe4 20. fxg4 Bf6 21. g5
hxg5 22. h6 cxd4 23. h7+ Kf7 24. Qh5 1-0

[Event "World Youth Open U18 2016"]
[Site "Khanty-Mansiysk RUS"]
[Date "2016.09.23"]
[Round "2.18"]
[White "Maltezeanu, Stefan"]
[Black "Thybo, Jesper Sondergaard"]
[Result "0-1"]
[BlackTitle "FM"]
[WhiteElo "1734"]
[BlackElo "2358"]
[WhiteFideId "4004655"]
[BlackFideId "1438832"]
[EventDate "2016.09.22"]

1. e4 e5 2. Nf3 Nc6 3. Bb5 a6 4. Bxc6 dxc6 5. O-O f6 6. h3 c5 7. d3 Ne7 8. Be3
Nc6 9. c3 Be6 10. Qe2 Bd6 11. Nbd2 O-O 12. Nb3 Qe7 13. Rad1 a5 14. d4 cxd4 15.
cxd4 a4 16. Nc1 exd4 17. Nxd4 Nxd4 18. Bxd4 Qf7 19. a3 Bc4 20. Nd3 Rad8 21. Qe3
c5 22. Bc3 Bb8 23. Rd2 Qc7 24. g3 Ba7 25. Qf3 b5 26. Rfd1 Bb6 27. Re1 Qb7 28.
Nf4 b4 29. axb4 cxb4 30. Rxd8 Rxd8 31. Bxf6 gxf6 32. Qg4+ Kh8 33. Qf5 Bd4 34.
Re2 Be5 35. Nh5 Qd7 36. Qf3 Qxh3 37. Re1 Qe6 38. Qxf6+ 0-1

[Event "World Youth Open U18 2016"]
[Site "Khanty-Mansiysk RUS"]
[Date "2016.09.23"]
[Round "2.19"]
[White "Kolver, Chris"]
[Black "Gretz, Denis"]
[Result "1/2-1/2"]
[WhiteTitle "CM"]
[WhiteElo "1991"]
[BlackElo "2339"]
[WhiteFideId "14307820"]
[BlackFideId "12945188"]
[EventDate "2016.09.22"]

1. d4 f5 2. Nc3 Nf6 3. Bg5 d5 4. Bxf6 exf6 5. e3 Be6 6. Bd3 Nc6 7. Qf3 Qd7 8. a3
O-O-O 9. Nge2 Kb8 10. h3 g6 11. O-O-O h5 12. Nf4 Bf7 13. Bb5 a6 14. Ba4 g5 15.
Nd3 h4 16. Qe2 Bh5 17. f3 Qe6 18. Qf2 b5 19. Bb3 Na5 20. Rde1 Bg6 21. f4 Nc4 22.
fxg5 fxg5 23. Bxc4 bxc4 24. Ne5 Bg7 25. Nxg6 Qxg6 26. Rhf1 Rhf8 27. Na4 Rf6 28.
Qd2 Bf8 29. Re2 Qe8 30. Nc5 Qb5 31. Ref2 Bxc5 32. dxc5 Qxc5 33. Rxf5 Re6 34. Qd4
Qxd4 35. exd4 Re4 1/2-1/2

[Event "World Youth Open U18 2016"]
[Site "Khanty-Mansiysk RUS"]
[Date "2016.09.23"]
[Round "2.20"]
[White "Ding, Tze How Dilwen"]
[Black "Khusenkhojaev, Mustafokhuja"]
[Result "0-1"]
[WhiteTitle "FM"]
[WhiteElo "2397"]
[BlackElo "2212"]
[WhiteFideId "5707641"]
[BlackFideId "14700727"]
[EventDate "2016.09.22"]

1. d4 Nf6 2. Nf3 g6 3. c4 Bg7 4. g3 c6 5. Bg2 O-O 6. O-O d5 7. cxd5 cxd5 8. Nc3
Nc6 9. Ne5 e6 10. Nxc6 bxc6 11. Na4 Nd7 12. Bf4 Ba6 13. Rc1 Qa5 14. b3 Rfc8 15.
Bd2 Qb5 16. Nc3 Qb7 17. Be3 Bf8 18. h4 Bb5 19. Re1 a5 20. Qd2 c5 21. dxc5 Nxc5
22. Bh6 Bxh6 23. Qxh6 Bc6 24. Red1 a4 25. Qe3 d4 26. Bxc6 Rxc6 27. Rxd4 axb3 28.
axb3 Nxb3 29. Rcd1 Nxd4 30. Qxd4 Qb2 31. Ne4 Qxd4 32. Rxd4 Kg7 33. Rd7 h6 34.
Nd6 Rf8 35. f4 Kf6 36. e4 e5 37. f5 g5 38. hxg5+ hxg5 39. g4 Rc2 40. Kf1 Kg7 41.
Ra7 Rb8 42. Rxf7+ Kg8 43. Rb7 Rxb7 44. Nxb7 Rc4 45. Nd6 Rd4 46. Ne8 Kf7 0-1

[Event "World Youth Open U18 2016"]
[Site "Khanty-Mansiysk RUS"]
[Date "2016.09.23"]
[Round "2.22"]
[White "Holtman, Teodor"]
[Black "Marek, Matyas"]
[Result "1/2-1/2"]
[BlackTitle "FM"]
[WhiteElo "2201"]
[BlackElo "2381"]
[WhiteFideId "14933721"]
[BlackFideId "335398"]
[EventDate "2016.09.22"]

1. e4 c5 2. Nf3 Nc6 3. Nc3 g6 4. d4 cxd4 5. Nxd4 Bg7 6. Nxc6 bxc6 7. Bc4 d6 8.
O-O Nf6 9. e5 dxe5 10. Qxd8+ Kxd8 11. Re1 e6 12. Rxe5 Nd5 13. Re2 Kc7 14. Bd2
Bb7 15. Na4 Rad8 16. Bg5 Rd6 17. Rd1 h6 18. Bd2 Rhd8 19. Nc5 Nb6 20. Bxe6 g5 21.
b3 Bd4 22. Re4 1/2-1/2